Geography Scavenger Hunt Quiz Stats

 Plays Quiz Updated Feb 13, 2019

Support Sporcle.
Go Orange.
Score 0/5 Timer 06:00
9 Plays Today
Hint Answer % Correct
Answer #1Vancouver-Whistler
91.5%
Answer #2Sydney Opera House
80.5%
Answer #4Star of David
73.7%
Answer #5FNRS (Finland/Norway/Russia/Sweden)
72.3%
Answer #3Green-White-Green
72%

From the Vault

4-Letter Vocabulary (Medium)

by amazingjosh

You don't need a lot of letters to have a large vocabulary.
Remove Ads.
Support Sporcle.
Get the best of Sporcle when you Go Orange. This ad-free experience offers more features, more stats, and more fun while also helping to support Sporcle. Thank you for becoming a member.

Show Comments

Extras

Top Quizzes Today


Score Distribution

Your Account Isn't Verified!

In order to create a playlist on Sporcle, you need to verify the email address you used during registration. Go to your Sporcle Settings to finish the process.

Report this User

Report this user for behavior that violates our Community Guidelines.

Details: